Obálka Náhled e-knihy:
PDF Epub
Pro půjčování e-knih musíte být přihlášeni.
Jak si půjčit online?

Gabriel /

Po desítkách let se zlomený a zaprášený Gabriel vrací po úmrtí svého otce do rodného města. Zlomený po nedořešených otázkách z dětství a zaprášený z archeologických vykopávek. Osud mu po návratu na cestu za zotavením přidělí anděla. Podaří se, za pomoci nových přátel, zacelit hluboké a neléčené rány...

Celý popis

Uloženo v:
Hlavní autor: Benda, Tomáš (Autor)
Médium: E-kniha
Jazyk:Czech
Vydáno: Praha : E-knihy jedou, 2024
Tagy:
Žádné tagy
LEADER 01338nam a22002297i 4500
001 312269
007 ta
008 260601s2024 xr ||||| |||| 00| 0 cze d
020 |a 9990003959621 
044 |a xr 
100 1 |a  Benda, Tomáš  |4 aut 
245 1 0 |a Gabriel /  |c  Benda, Tomáš 
264 1 |a Praha :  |b E-knihy jedou,  |c 2024 
300 |a 1 online zdroj (303 stran) 
336 |a text  |b txt  |2 rdacontent 
337 |a bez média  |b n  |2 rdamedia 
338 |a online zdroj  |b cr  |2 rdacarrier 
520 2 |a Po desítkách let se zlomený a zaprášený Gabriel vrací po úmrtí svého otce do rodného města. Zlomený po nedořešených otázkách z dětství a zaprášený z archeologických vykopávek. Osud mu po návratu na cestu za zotavením přidělí anděla. Podaří se, za pomoci nových přátel, zacelit hluboké a neléčené rány? Pro Gabriela nastal čas čelit vlastnímu odrazu v zrcadle. 
910 |a RBIT002 
998 |d 395962  |a https://core.palmknihy.cz/api/books/395962/cover?s7rbma  |b https://core.palmknihy.cz/api/books/395962/cover/400?s7rbma  |c https://core.palmknihy.cz/api/books/395962/cover/50?s7rbma  |e   |g 303  |i 9990003959621  |j https://core.palmknihy.cz/api/books/395962/preview.epub  |k https://core.palmknihy.cz/api/books/395962/preview.pdf  |l   |q 49  |r 1  |s https://www.palmknihy.cz/kniha/395962  |t ebook  |y 2024  |z 1 
999 |d 312267